000 00498nam a22001817a 4500
005 20160106103248.0
010 _a ENG-114350
020 _a9789382536109
_c180.00
035 _aEN-97882
037 _bDBAD/PUB
082 _aS
100 _aDas, Adwaita
245 _aColours of shadow /
_cby Adwaita Das
260 _aNew Delhi
_bLiFi Publications
_c2015
270 _a211,2nd Floor, Gagandeep 12, Rajendra Place
_bNew Delhi
_e110008
300 _a174p.
_c21cm(pbk)
942 _2ddc
_cEN
_mDAS
_hS
999 _c97867
_d97867